| 000 | 00431 a2200169 4500 | ||
|---|---|---|---|
| 020 | _a9788177587807 | ||
| 022 | _a9788177587807 | ||
| 082 | _a658.3 | ||
| 090 |
_c6383 _d6383 |
||
| 100 | _aDessler, Gary. | ||
| 245 |
_aA Framework for Human Resource Management. _cGary Dessler. |
||
| 250 | _a3rd. | ||
| 260 |
_aNew Delhi. _bPearson Education. _c2004. |
||
| 300 | _a408p. | ||
| 500 | _aPaper cover | ||
| 942 |
_aNBS _cBK _k658.3 DES |
||
| 999 |
_c348747 _d348747 |
||